| 000 | 00433nam a2200169Ia 4500 | ||
|---|---|---|---|
| 005 | 20240607041301.0 | ||
| 008 | 240331s9999 xx 000 0 und d | ||
| 020 | _a8176298964 | ||
| 082 |
_bMIS _a362 |
||
| 100 | _aMisra,P | ||
| 245 | 0 | _aDomestic violence against women | |
| 260 |
_aNew Delhi _bDeep & Deep Publications Pvt.Ltd _c2007 |
||
| 300 | _axxxviii,606 p., | ||
| 650 | _aWomen | ||
| 650 | _aDomestic Violence | ||
| 942 | _cL | ||
| 999 |
_c4548 _d4548 |
||